000 01165cam a22002654a 4500
001 587
005 20230620084748.0
008 980904s1999 mnua b 000 0 eng
020 _a1568461607 (alk. paper)
040 _aDLC
_cDLC
_beng
_dFISKH
050 0 0 _aNC293.D44
_bA4 1999
082 0 0 _a700/.4629752
_221
100 1 _aDelessert, Etienne.
245 1 4 _aThe cat collection /
_c[illustrated by] Etienne Delessert.
260 _aMankato, MN :
_bCreative Editions,
_c1999.
300 _a3 leaves of plates, 20 unnumbered pages :
_bcolor illustrations ;
_c21 cm
505 _aF
520 _aIn this brilliantly crafted volume, award winning illustrator Etienne Delessert celebrated felines, with all of thier charm and mystery. Stunning full-color illustrations combines with prose to call upon the words of William Blake, Rudyard Kipling and Pablo Neruda, to create a book that you'll want to pick up again and again. A great gift for any cat lover.
521 _a370
_bLexile
521 _aF
_bRaz-Plus
650 0 _aCats in art.
650 0 _aCats
_xQuotations, maxims, etc.
906 _a7
_bcbc
_corignew
_d1
_eocip
_f19
_gy-gencatlg
942 _2ddc
_cBK
_n0
999 _c587
_d587